LEADER 01710nam a2200241 i 4500 001 000000045856 003 CaOOAMICUS 005 20210420144518.0 008 120621s1853 xx u000 u lat u 013 $a17026 040 $aSeMil$bita 110 2 $aConcilio di Trento <1545-1563>.$0(OLS)http://semarc/name/396 245 10$aCanones et decreta Concilii Tridentini ex editione romana a. 1834 repetiti :$baccedunt S. Congr. card. Conc. Trid. interpretum Declarationes ac Resolutiones ex ipso resolutionum thesauro Bullario Romano et Benedicti 14. s.p. operibus et constitutiones pontificiae recentiores ad jus commune spectantes e Bullario Romano selectae /$cedidit Aemilius Ludovicus Richter ; assumpto socio Friderico Schulte. 260 $aLipsiae :$bTypis et sumptibus Bernhardi Tauchnitii,$c1853. 300 $aVI, 665 p. ;$c25 cm. 650 4$aConcilio di Trento <1545-1563> - Atti e documenti.$0(OLS)http://semarc/subject/70 700 1 $aRichter, Emil Ludwig.$0(OLS)http://semarc/name/969 700 1 $aSchulte, Johann Friedrich : von,$d<1827-1914>.$0(OLS)http://semarc/name/22790 850 $aSeMil 852 $aSeMil$W1$xVenegono$y1$m2A III 1 FA$j12011$B12011$CSeMilBibl$Z2$F12011 $8I 996 $6245$aCanones et decreta Concilii Tridentini ex editione romana a. 1834 repetiti :$baccedunt S. Congr. card. Conc. Trid. interpretum Declarationes ac Resolutiones ex ipso resolutionum thesauro Bullario Romano et Benedicti 14. s.p. operibus et constitutiones pontificiae recentiores ad jus commune spectantes e Bullario Romano selectae$9(OLS)http://semarc/title/68364 996 $6260$aLipsiae :$bTypis et sumptibus Bernhardi Tauchnitii$9(OLS)http://semarc/publisher/40719 LEADER 01286nam a2200253 i 4500 001 000000104031 003 CaOOAMICUS 005 20240209142015.0 008 011025s1850 fr a u000 u lat u 013 $a76214 040 $aSeMil$bita 100 1 $aDu Cange, Charles,$d<1610-1688>.$0(OLS)http://semarc/name/752 245 10$aContinet glossarium gallicum, tabulas, indices auctorum et rerum, dissertationes /$cconditum a Carolo Dufresne domino du Cange. 246 08$aA-Z. Supplementis 264 1$aParisiis :$bExcudebant Firmin Didot fratres,$c1850. 300 $aXXIV, 564, 204, [1] p., [12] carte di tav. :$bill. ;$c28 cm 500 $aPaginazione del vol. in due sequenze. 773 0 $aDu Cange, Charles <1610-1688>$tGlossarium Mediae et Infimae Latinitatis.$dParisiis : Excudebant Firmin Didot fratres, 1840-1857.$g7$w()878 850 $aSeMil 852 $aSeMil$W1$xVenegono$y1$mSL1.A VI 27$j269908$B60478$CSeMilBibl$Z2$F44948 $8I 996 $6245$aContinet glossarium gallicum, tabulas, indices auctorum et rerum, dissertationes$9(OLS)http://semarc/title/150930 996 $6246$aA-Z. Supplementis$9(OLS)http://semarc/title/426665 996 $6264$aParisiis :$bExcudebant Firmin Didot fratres$9(OLS)http://semarc/publisher/30053